Runescape Skills - Statistics

General Stats
  • This quiz has been taken 1,107 times
  • The average score is 22 of 26
Answer Stats
Answer % Correct
Attack
98%
Defence
98%
Magic
97%
Strength
97%
Woodcutting
94%
Mining
93%
Ranged
93%
Fishing
91%
Smithing
91%
Cooking
90%
Crafting
89%
Firemaking
88%
Prayer
88%
Agility
87%
Fletching
87%
Runecrafting
83%
Herblore
81%
Slayer
81%
Construction
79%
Hunter
78%
Thieving
76%
Summoning
73%
Farming
71%
Dungeoneering
69%
Constitution
68%
Divination
54%
No matching quizzes found
Score Distribution
Percent of People with Each Score
Percentile by Number Answered
Your Score History
You have not taken this quiz